000 00599cam a2200181 4500500
005 20260405000651.0
041 _afre
042 _adc
100 1 0 _aLacroix, Alexandre
_eauthor
245 0 0 _aFrédéric Schiffter. « Les pessimistes heureux s’accommodent du pire »
260 _c2008.
500 _a75
690 _aFrédéric Schiffter
690 _alucidité
690 _aoptimisme
786 0 _nPhilosophie magazine | 25 | 12 | 2008-12-01 | p. 18-18 | 1951-1787
856 4 1 _uhttps://shs.cairn.info/magazine-philosophie-magazine-2008-12-page-18?lang=fr&redirect-ssocas=7080
999 _c2039544
_d2039544